[Event "2nd UzChess Cup Masters"]
[Site "Tashkent UZB"]
[Date "2025.06.19"]
[Round "1.1"]
[White "Aravindh, Chithambaram VR."]
[Black "Praggnanandhaa, R."]
[Result "1/2-1/2"]
[Annotator "Tactical Analysis 7.0"]
[WhiteElo "2749"]
[BlackElo "2767"]
[PlyCount "60"]
[GameId "2190541780613239"]
[EventDate "2025.06.19"]

1. e4 e5 2. Nf3 Nc6 3. Nc3 Nf6 4. Bc4 Bc5 5. d3 d6 6. h3 Na5 7. Bb3 {C50: Hungarian Defence and Giuoco Pianissimo.} a6 8. O-O h6 9. d4 Nxb3 10. axb3 exd4 11. Nxd4 O-O 12. Be3 Bb4 $146 ({Predecessor:} 12... Re8 13. Qf3 Qe7 14. Nd5 Nxd5 15. exd5 Qe4 16. Qxe4 Rxe4 17. Rad1 Bxd4 18. Rxd4 Rxd4 19. Bxd4 {½-½ Polo Casares,O-Vega Gomez,F Burgas op 10th 2001 (5)}) 13. Na2 Bc5 14. b4 Bb6 15. Nc3 Re8 16. Qf3 Bd7 17. Rfe1 a5 18. b5 Bc5 19. Rad1 a4 20. Bf4 (20. Nf5 $14 Bb4 21. Bd4 Bxf5 22. exf5 Rxe1+ 23. Rxe1) 20... a3 (20... c6 $11) 21. bxa3 $14 Bxd4 22. Rxd4 Rxa3 {[#]} 23. b6 Re6 $1 $11 {The position is equal.} 24. Re3 Ne8 25. bxc7 Qxc7 26. Red3 Qc5 {[%cal Oa3c3] [#]} 27. Rd5 Qc4 28. R5d4 (28. Bxd6 $2 Rxd6 29. Rxd6 Nxd6 $19) 28... Qc5 {[%cal Oa3c3] and ...Rxc3! would now be decisive} 29. Rd5 Qc4 30. R5d4 (30. Bxd6 $2 {too greedy.} Rxd6 31. Rxd6 Nxd6 $19) {Weighted Error Value: White=0.09 (flawless) /Black=0.09 (flawless)} 30... Qc5 $1 1/2-1/2

[Event "2nd UzChess Cup Masters"]
[Site "Tashkent UZB"]
[Date "2025.06.19"]
[Round "1.2"]
[White "Yakubboev, Nodirbek"]
[Black "Erigaisi, Arjun"]
[Result "0-1"]
[Annotator "Tactical Analysis 7.0"]
[WhiteElo "2659"]
[BlackElo "2782"]
[PlyCount "52"]
[GameId "2190544560106001"]
[EventDate "2025.06.19"]

1. d4 d6 {[%cal Bd7d6,Bd6d5][%mdl 32]} 2. e4 Nf6 3. Bd3 e5 4. c3 Nbd7 {[%cal Bb8d7,Bd7e5,Be5d3][%mdl 32]} 5. Nf3 d5 6. dxe5 {B07: Pirc Defence: Miscellaneous Systems.} dxe4 7. exf6 exf3 8. fxg7 {The position is equal.} Bxg7 {[#] ...Qe7+ is the strong threat.} 9. Qxf3 {0-0 would now be deadly.} Ne5 {[%csl LRd3,LRf3]} 10. Bb5+ Bd7 $1 (10... c6 11. Qg3 Bg4 12. O-O $14) 11. Qxb7 $146 {[%mdl 8192]} (11. Qe2 $11 {and White is okay.}) ({Predecessor:} 11. Qe2 c6 12. O-O cxb5 13. f4 O-O 14. fxe5 Re8 15. Bf4 Qb6+ 16. Rf2 Qc5 17. Nd2 Bxe5 {1-0 Lupulescu,C (2606)-Mansour,S (2232) Olympiad-43 Batumi 2018 (4.15)}) 11... O-O $19 12. Bxd7 Nd3+ {[%csl Ob2,Oc1,Oe1,Of2][%mdl 64] [#] Zwischenzug, Double Attack} 13. Kf1 Qxd7 14. Na3 Rfe8 15. Be3 {[%cal Ob7b5]} Rab8 {[%mdl 64] Skewer, Deflection} 16. Qf3 Rxb2 17. Nc4 Rc2 18. Rd1 Qa4 (18... Rxa2 $2 19. g3 $19) (18... Rxc3 19. Nb2 $15) (18... Bxc3 19. h4 $17) (18... Qe6 19. Rxd3 Qxc4 (19... Rxa2 20. Kg1 $15) 20. Qd5 Qxd5 (20... Rxc3 21. Qxc4 Rxc4 22. g3 $11) (20... Qxa2 21. g3 $15) (20... Qg4 $2 21. Qf3 $19) 21. Rxd5 Rxe3 (21... Bxc3 22. g3 $15) 22. fxe3 $19) 19. Nd2 (19. Qg4 h5 (19... Rxc3 20. Bh6 $17) 20. Qf3 Qxc4 $19) 19... Rxa2 ({Don't take} 19... Bxc3 20. Qg3+ Kh8 21. Qf3 $19) (19... Nb2 $2 20. Rb1 $19) 20. h3 Ra1 (20... Bxc3 21. Kg1 Rxe3 22. fxe3 Rxd2 23. Rxd2 Bxd2 24. Kh2 $19) 21. Ke2 {[%cal Oe2d3]} Nf4+ {Black is clearly winning.} ({Less strong is} 21... Rxd1 22. Rxd1 Nf4+ (22... Nb2 23. Rc1 $15) 23. Ke1 $17) 22. Qxf4 Qxf4 23. Rxa1 Bxc3 24. Rxa7 Qg5 25. Nc4 Qb5 26. Kd3 {White did not feel at home in the position after the opening. Artfully played by Erigaisi.   Weighted Error Value: White=0.53/Black=0.06 (flawless)} Qb3 0-1

[Event "2nd UzChess Cup Masters"]
[Site "Tashkent UZB"]
[Date "2025.06.19"]
[Round "1.3"]
[White "Maghsoodloo, Parham"]
[Black "Rapport, Richard"]
[Result "1/2-1/2"]
[Annotator "Tactical Analysis 7.0"]
[WhiteElo "2691"]
[BlackElo "2714"]
[PlyCount "60"]
[GameId "2190547279608729"]
[EventDate "2025.06.19"]

1. e4 c5 2. Nf3 Nc6 3. Nc3 g6 4. d4 cxd4 5. Nxd4 Bg7 6. Be3 Nf6 7. Bc4 O-O 8. Bb3 d6 9. f3 Qa5 {B76: Sicilian Dragon: Yugoslav Attack, 9 g4 and 9 0-0-0.} 10. h4 Nxd4 11. Bxd4 Be6 $1 12. g4 {[%cal Oh4h5]} Rac8 $146 ({Predecessor:} 12... h5 13. gxh5 Nxh5 14. Rg1 Bxd4 15. Qxd4 Bxb3 16. cxb3 Rac8 17. b4 Qe5 18. Rd1 Nf4 19. Qxe5 dxe5 {0-1 Borge,N (2387)-Chatalbashev,B (2475) DEN-ch Svendborg 2023 (2)}) 13. g5 (13. h5 $1 $14) 13... Nh5 $15 14. Bxg7 Nxg7 15. Qd2 Rc7 16. Nd5 Qxd2+ 17. Kxd2 Bxd5 18. Bxd5 e6 19. Bb3 f5 (19... Nh5 $15) 20. Rad1 $11 {The position is equal.} fxe4 21. fxe4 Kf7 $1 22. Ke3 Ke7 23. Rd2 Rc5 {[#] White must now prevent ...Re5.} 24. Rf2 Rxf2 25. Kxf2 {[%mdl 4096] Endgame KRB-KRN} Nh5 {[%cal Oh7h6]} 26. c3 Rc8 27. Bd1 Rf8+ 28. Ke3 Nf4 29. Rh2 e5 30. h5 {Weighted Error Value: White=0.08 (flawless) /Black=0.04 (flawless)} gxh5 1/2-1/2

[Event "2nd UzChess Cup Masters"]
[Site "Tashkent UZB"]
[Date "2025.06.19"]
[Round "1.4"]
[White "Nepomniachtchi, Ian"]
[Black "Sindarov, Javokhir"]
[Result "0-1"]
[Annotator "Tactical Analysis 7.0"]
[WhiteElo "2757"]
[BlackElo "2710"]
[PlyCount "84"]
[GameId "2190549230628002"]
[EventDate "2025.06.19"]

1. e4 e5 2. Nf3 Nc6 3. Bc4 Nf6 4. d3 h6 5. O-O Bc5 6. c3 d6 7. Re1 O-O 8. h3 a5 {C54: Giuoco Piano: 4 c3 Nf6, main lines with 5 d4 and 5 d3.} 9. Nbd2 Bb6 10. a4 Be6 {The position is equal.} 11. b3 d5 12. Bb5 Ne7 13. exd5 Nfxd5 14. Qc2 {[%cal Oc1a3]} Ng6 $5 $146 {[%mdl 8] An interesting novelty.} (14... c6 $5 15. Bc4 $8 Ng6 $11) ({Predecessor:} 14... c6 15. Bc4 Ng6 16. d4 Ndf4 17. dxe5 Nh4 18. Bf1 Bd5 19. Re4 Bxe4 20. Qxe4 Nxf3+ 21. Nxf3 {½-½ Ulasevich,S (2527)-Kovacs,A (2486) WC-2020-S-00001 LSS email}) 15. d4 $1 (15. Nxe5 Nxe5 16. Rxe5 Nxc3 $15 (16... c6 17. Bc4 $11)) (15. Ba3 c6 16. Bc4 Re8 $15) 15... Ndf4 $1 16. dxe5 Nh4 17. Bf1 Bd5 $1 {[#] Prevents Qe4} 18. Re4 $1 Bxe4 19. Qxe4 Nhg6 20. Bc4 {[%cal Od2f1][%mdl 1024] Wards off Qd5. Strongly threatening Nf1!. White has compensation.} c6 {[#]} 21. h4 $2 Qd7 $1 $19 {and ...Qg4 would now be decisive} 22. g3 (22. Nd4 $142 Qg4 23. g3 (23. Ba3 Nxe5 24. Bxf8 Bxd4 $19)) 22... Nd5 $2 (22... Qg4 23. Nd4 $17) ({Better is} 22... Nh3+ $19 23. Kg2 Nxf2) 23. Ba3 $2 (23. h5 $1 $15 Nge7 (23... Nxc3 24. Qc2 $11) (23... Ngf4 24. gxf4 Qg4+ 25. Kf1 $16) 24. Bb2 (24. Bd3 f5 $17)) 23... Rfe8 24. Bd6 Qh3 (24... Nxc3 $2 25. Qxg6 Nd5 26. Qd3 $18 (26. Bxd5 cxd5 27. Qd3 Qc6 $18)) 25. Nf1 Nxc3 26. Qd3 {[#]} (26. Qxg6 $2 Ne2+ 27. Bxe2 fxg6 $19) 26... Nd5 27. Bxd5 cxd5 28. Qxd5 Qd7 $40 {[%mdl 128] Black attacks with force.} 29. N1d2 Qg4 30. Ne4 Nf4 (30... Qxf3 $2 31. Nf6+ $18 (31. Qxb7 $2 Bxf2+ 32. Nxf2 Qxb7 $19)) 31. Qxb7 Nh3+ $2 (31... Qxf3 $2 32. Nf6+ (32. Qxb6 $2 Qg2#) 32... gxf6 33. Qxf3 $18) (31... Rac8 $1 $19 {[%cal Rc8c2]} 32. Rf1 Ne2+ (32... Qxf3 $2 33. Nf6+ {[%csl Of3][%mdl 64] Discovered Attack} gxf6 34. Qxf3 $18) 33. Kh2 Rc2 (33... Qxf3 $2 34. Nf6+ $18)) 32. Kg2 $2 {[%mdl 8192]} (32. Kf1 $1 $11 {and White stays safe.}) 32... Nf4+ 33. Kg1 {[%cal Oa1e1] [#]} Rac8 $1 (33... Qxf3 $2 34. Nf6+ (34. Qxb6 $2 Qg2#) 34... gxf6 35. Qxf3 $18) 34. Nh2 $2 {[#]} (34. Rf1 Rc2 (34... Qxf3 $2 35. Nf6+ {[%csl Of3][%mdl 64] Discovered Attack} gxf6 36. Qxf3 $18) 35. Nh2) 34... Bxf2+ $1 {[%csl Og1,Og3][%mdl 576] Double Attack. Black is clearly winning.} 35. Kh1 {[#]} Qe2 (35... Qh3 $2 36. Nxf2 Qxg3 37. e6 Qxf2 (37... fxe6 $2 38. Rg1 $18) 38. exf7+ Kh7 39. fxe8=N $18 (39. fxe8=B Rxe8 40. Rg1 Nh5 $18)) 36. Nxf2 ({Much worse is} 36. gxf4 Bd4 37. Ng3 Qe3 $19) 36... Qxf2 37. Rf1 Qe2 {[%cal Oc8c2] ( -> ...Rc2!)} 38. Qf3 (38. gxf4 {is a self mate.} Rc2) 38... Rc2 39. Qxe2 Nxe2 40. Kg2 Rec8 41. b4 axb4 42. Bxb4 {Superbly played by Sindarov!   Weighted Error Value: White=0.45/Black=0.19 (very precise)} Nf4+ 0-1

[Event "2nd UzChess Cup Masters"]
[Site "Tashkent UZB"]
[Date "2025.06.19"]
[Round "1.5"]
[White "Abdusattorov, Nodirbek"]
[Black "Vokhidov, Shamsiddin"]
[Result "1-0"]
[Annotator "Tactical Analysis 7.0"]
[WhiteElo "2767"]
[BlackElo "2644"]
[PlyCount "79"]
[GameId "2190553624047183"]
[EventDate "2025.06.19"]

1. e4 e5 2. Nf3 Nc6 3. g3 Nf6 4. d3 Bc5 5. Bg2 d6 6. O-O h6 {C44: Ponziani Opening and Scotch Gambit.} 7. h3 O-O 8. Nc3 a5 {The position is equal.} 9. Kh2 Be6 10. Nd2 d5 11. f4 exf4 12. gxf4 dxe4 13. dxe4 Nd4 (13... Re8 $11) 14. Nb3 $146 ({Predecessor:} 14. e5 Nd5 15. Nde4 Bb6 16. Nxd5 Bxd5 17. c3 Bxe4 18. Bxe4 Ne6 19. Qg4 Kh8 20. f5 {0-1 De Boer,E (2384)-Paravyan,D (2608) Titled Tuesday intern op 02nd Jul Early Chess.com INT blitz 2024 (6)}) 14... Nxb3 15. axb3 c6 $1 16. Qe2 Re8 (16... Qd4 $2 17. e5 $16) 17. Bf3 (17. e5 $14) 17... Nd7 $11 (17... Qd4 $6 18. Rd1 Qf2+ 19. Qxf2 Bxf2 20. e5 $16) 18. Bd2 f5 (18... Qh4 {looks sharper.} 19. Qg2 f5 20. exf5 Bxf5 21. Ne4 Bxe4 22. Bxe4 Bb4) 19. e5 Nf8 20. Na4 Ba7 21. Be3 Bxe3 22. Qxe3 Bf7 (22... Qe7 $11 {remains equal.}) 23. Be2 (23. Nb6 $16) 23... b5 $1 24. Rad1 Qe7 25. Nc5 Rad8 26. Rg1 Rxd1 27. Rxd1 Ne6 (27... g5 $11) 28. Nxe6 $14 Bxe6 29. Rd6 Bd5 30. Bxb5 {[%cal Oc2c4][%mdl 64] Deflection} cxb5 (30... Qxd6 $2 31. exd6 Rxe3 32. d7 $18) (30... Rd8 $16 31. Rxd8+ (31. Bxc6 $2 Rxd6 {[%mdl 64] Pin} 32. Qc5 {[%mdl 64] Pin} Bxc6 $19) 31... Qxd8) 31. Rxd5 $16 {[%mdl 4096] Endgame KQR-KQR. White is a pawn up.} Rc8 {[#]} (31... Qb7 $142 32. Qd2 a4) 32. c3 $1 $18 {[%cal Bc2c3,Bc3c4][%mdl 32]} ({Stronger than} 32. Rxb5 Rxc2+ 33. Kg3 Qd8 $11) 32... a4 33. Rxb5 a3 34. bxa3 Qxa3 35. Qd2 {Wards off Qb2} Qa1 {[#]} (35... Kh7 $142 36. Qc2 Kg8) 36. e6 $1 {[%cal Be5e6,Be6e7][%mdl 32]} Qf1 37. c4 {White is clearly winning.} Ra8 {and ...Ra1 would now be decisive} 38. e7 Kh7 39. Rxf5 {and Rf8 should not be overlooked} Qb1 {Weighted Error Value: White=0.09 (flawless) /Black=0.35} 40. Rd5 1-0

[Event "UzChess Cup Challengers"]
[Site "Tashkent UZB"]
[Date "2025.06.19"]
[Round "1.3"]
[White "Sivuk, Vitaly"]
[Black "Ivanchuk, Vasyl"]
[Result "1-0"]
[Annotator "Tactical Analysis 7.0"]
[WhiteElo "2522"]
[BlackElo "2634"]
[PlyCount "89"]
[GameId "2190557532774353"]
[EventDate "2025.06.19"]

1. d4 e6 2. c4 Nf6 3. Nf3 d5 4. g3 dxc4 5. Bg2 a6 6. O-O Nc6 7. e3 Bd7 8. Qe2 b5 {8...b5 has lost popularity.} 9. b3 {E04: Open Catalan: 5 Nf3.} cxb3 10. axb3 Bd6 {Prevents Ne5} 11. Bb2 {[%mdl 1024] White has compensation. White is slightly better.} Nb4 12. Ne5 {Wards off Bc6} Rb8 13. Nc3 {[%cal Bb1c3,Bc3a2,Ba2b4][%mdl 32]} O-O 14. Na2 {White has more active pieces.} Nbd5 $146 (14... Nfd5 $14) ({Predecessor:} 14... Nxa2 15. Rxa2 Rb6 16. Rfa1 Qc8 17. Nd3 b4 18. Qc2 Bb5 19. Nc5 Rd8 20. Na4 Rb8 21. Nc5 Rb6 22. Na4 Rb8 23. Nc5 {½-½ Jaracz,P (2543)-Babula,V (2515) Bundesliga 1011 Germany 2010 (4.7)}) 15. e4 Nb6 {[%cal Bd5b6,Bb6c4,Bc4b2][%mdl 32]} 16. Nd3 Be7 17. Nab4 a5 18. Rxa5 Nc4 19. Ra7 (19. bxc4 $6 bxc4 20. Bc3 cxd3 21. Nxd3 Bb5 $14) 19... Nxb2 20. Qxb2 Ra8 21. Rfa1 Rxa7 22. Rxa7 Qb8 23. Qa1 Rd8 24. e5 Nd5 25. Nxd5 (25. Bxd5 exd5 26. Qa5 (26. Nxd5 Bf8 $16) 26... Bf8 27. Rxc7 (27. Nxd5 Bc6 $14) 27... Bh3 $18) 25... exd5 26. Bxd5 Bc8 27. Ra8 Qb6 28. b4 h5 {[%cal Bh7h5,Bh5h4][%mdl 32]} 29. Nc5 h4 30. Qb1 g6 {[%cal Bg7g6,Bg6g5,Bg5g4][%mdl 32]} 31. Qe4 Kg7 32. Qf3 (32. gxh4 Bf5 33. Qf3 Rxa8 34. Bxa8 Qa7 $11) 32... f5 33. gxh4 {[%cal Oa8c8] [#] Threatens to win with Rxc8!.} Bxh4 (33... c6 $142 34. Bxc6 Qc7) 34. Kf1 Rh8 35. Qc3 g5 36. Bg2 g4 37. d5 f4 {[%cal Bf5f4,Bf4f3][%mdl 32]} 38. Be4 f3 39. Qe3 (39. e6+ Bf6 40. Qd3 Qd6 41. Bxf3 (41. Qxb5 {is a self mate.} Qxh2) 41... gxf3 42. Qxf3 Bg5 $16 (42... Qxh2 $2 43. Qg4+ Kh6 44. Ra3 $18)) 39... Be7 {[#]} 40. Rxc8 $1 {[%cal Oe3f4] Threatening mate with Qf4!.} Rxc8 (40... Rxh2 41. Kg1) 41. Ne6+ Kf7 42. Qf4+ {White mates.} Ke8 43. Qxg4 Bxb4 44. Bg6+ Kd7 {Black got outplayed after the opening. Ingenious play by Sivuk!   Weighted Error Value: White=0.13 (very precise) /Black=0.57} 45. Nc5+ {[%csl Od7][%mdl 64] Discovered Attack (Double check)} 1-0

[Event "2nd UzChess Cup Masters"]
[Site "Tashkent UZB"]
[Date "2025.06.20"]
[Round "2.2"]
[White "Sindarov, Javokhir"]
[Black "Abdusattorov, Nodirbek"]
[Result "1/2-1/2"]
[Annotator "Tactical Analysis 7.0"]
[WhiteElo "2710"]
[BlackElo "2767"]
[PlyCount "84"]
[GameId "2192720733863614"]
[EventDate "2025.06.19"]

1. d4 Nf6 2. c4 e6 3. Nf3 d5 4. Nc3 dxc4 5. e4 {[%cal Be2e4,Be4e5][%mdl 32]} b5 6. e5 {D24: Queen's Gambit Accepted: 3 Nf3 Nf6 4 Nc3.} Nd5 {[#]} 7. Nxb5 Nb6 8. Be2 {White is slightly better.} Nc6 9. Be3 Be7 10. Nc3 Bb7 11. O-O Qd7 12. Qb1 O-O 13. Ne4 h6 $146 ({Predecessor:} 13... Rab8 14. Rd1 Nb4 15. Nc5 Qc6 16. Rc1 a5 17. b3 Bxc5 18. dxc5 N6d5 19. Rxc4 Nxe3 20. fxe3 {1-0 Loegler,H (1964)-Bruce,R (2001) W-ch WS/H/952 email ICCF email 2023}) 14. Rd1 Rfd8 15. Nc5 Bxc5 16. dxc5 Nd5 17. Bxc4 Qe7 {White must now prevent ...Nxe3.} 18. Qc1 a5 19. Bxd5 Rxd5 20. Rxd5 exd5 21. Qc3 Bc8 {Black is weak on the dark squares} 22. Re1 Bd7 23. Bd2 a4 24. Nd4 {Inhibits Qe6.} Qh4 (24... Nxd4 $16 25. Qxd4 Qe6) 25. e6 $1 $18 fxe6 26. Nxe6 Bxe6 27. Rxe6 Qg4 28. Re1 (28. Qe3 $142 Qd1+ 29. Be1 (29. Qe1 Qxe1+ 30. Bxe1 Nd4 $16)) 28... Qg6 (28... Rb8 $16 {keeps fighting.}) 29. h3 d4 {[#]} (29... Rf8 $16) 30. Qf3 $2 (30. Qc4+ $1 $18 Qf7 31. Qb5) 30... Rf8 $14 31. Qd5+ Qf7 $1 32. Qe6 {Active counter play! The position is equal.} (32. Qxf7+ {simplifies} Kxf7 33. Bf4 a3 34. bxa3 Ra8 35. Re2) 32... Nd8 $1 33. Qxf7+ Kxf7 $11 {[%mdl 4096] Endgame KRB-KRN. White is a pawn up.} 34. b4 {Hoping for Re4.} axb3 $1 35. axb3 Ne6 36. Kf1 Ra8 {[%cal Oa8a2]} 37. Re5 Ra2 38. Ke1 c6 39. f4 d3 40. Re3 Ra1+ (40... Nxf4 $2 41. Rf3 $18) 41. Kf2 Ra2 42. Ke1 {Blacks defense is rewarded with a draw.   Weighted Error Value: White=0.16 (very precise) /Black=0.11 (very precise)} Ra1+ (42... Nxf4 $2 {perishes.} 43. Rf3 $18) 1/2-1/2

[Event "2nd UzChess Cup Masters"]
[Site "Tashkent UZB"]
[Date "2025.06.20"]
[Round "2.3"]
[White "Rapport, Richard"]
[Black "Nepomniachtchi, Ian"]
[Result "1/2-1/2"]
[Annotator "Tactical Analysis 7.0"]
[WhiteElo "2714"]
[BlackElo "2757"]
[PlyCount "114"]
[GameId "2192724498096323"]
[EventDate "2025.06.19"]

1. d4 Nf6 2. Nf3 e6 3. Bf4 h6 4. h3 c5 5. e3 d5 6. Be2 $146 {A46: 1 d4 Nf6 2 Nf3 e6: Torre, London and Colle Systems.} ({Predecessor:} 6. Nbd2 Nc6 7. c3 Bd6 8. dxc5 Bxc5 9. Bd3 O-O 10. O-O Bd6 11. Bxd6 Qxd6 12. e4 {0-1 Abdurakhmanov,M (2396)-Savchenko,B (2479) Tashkent Al Beruniy m-B 2nd 2025 (4.2)}) 6... Qb6 7. b3 {Active counter play!} Bd6 8. Be5 Nbd7 (8... Bxe5 {feels stronger.} 9. dxe5 Ne4) 9. O-O $11 Qc7 10. Bxd6 Qxd6 11. c4 dxc4 12. Bxc4 a6 13. Be2 O-O 14. Nbd2 cxd4 (14... b5 $142) 15. Nc4 Qc7 {[#]} 16. Qxd4 b5 17. Nce5 Nxe5 18. Nxe5 Bb7 19. Rfc1 Qe7 20. Qc5 Qxc5 21. Rxc5 Rfc8 {Repels Rc7} 22. Rac1 Rxc5 23. Rxc5 {[%cal Oe5f7]} Rc8 24. Rxc8+ Bxc8 {[%mdl 4096] Endgame KBN-KBN} 25. Bf3 Kf8 26. Kf1 Ke7 27. Ke2 Nd7 28. Nc6+ Kd6 29. Na7 Kc7 30. Nxc8 Kxc8 {KB-KN} 31. Kd3 Kc7 32. Kd4 a5 33. a3 Kd6 34. Be2 e5+ 35. Kc3 Kc5 36. b4+ axb4+ 37. axb4+ Kc6 38. Bh5 g6 39. Bf3+ Kd6 40. Be2 Kc6 41. f4 Nf6 {[#] Strongly threatening ...Nd5+.} 42. fxe5 Nd5+ 43. Kb3 Nxe3 44. Bf3+ Kd7 $1 45. Kc3 Ke6 $1 46. Kd4 {The position is equal.} Nc2+ 47. Kc5 Kxe5 48. Kxb5 f5 49. Kc5 Nxb4 50. Kxb4 {Kc4 is the strong threat. KB-K3P} Kf4 $1 51. Kc5 g5 52. g4 fxg4 $1 53. Bxg4 Kg3 54. Kd5 h5 $1 55. Bd7 g4 56. Bxg4 hxg4 57. hxg4 {An uneventful encounter.   Weighted Error Value: White=0.03 (flawless) /Black=0.03 (flawless)} Kxg4 1/2-1/2

[Event "2nd UzChess Cup Masters"]
[Site "Tashkent UZB"]
[Date "2025.06.20"]
[Round "2.4"]
[White "Erigaisi, Arjun"]
[Black "Maghsoodloo, Parham"]
[Result "1/2-1/2"]
[Annotator "Tactical Analysis 7.0"]
[WhiteElo "2782"]
[BlackElo "2691"]
[PlyCount "69"]
[GameId "2192729789448708"]
[EventDate "2025.06.19"]

1. e4 c5 2. Nf3 e6 3. d4 cxd4 4. Nxd4 Nc6 5. Nc3 Qc7 6. Be3 a6 7. a3 b5 8. Nxc6 Qxc6 {B48: Sicilian: Taimanov: 5 Nc3 Qc7 6 Be3 a6 without Be2.} 9. h4 Nf6 10. h5 {White wants to play h6.} h6 11. e5 $146 ({Predecessor:} 11. f3 Bb7 12. Qd3 Rc8 13. e5 Nd5 14. Nxd5 Qxd5 15. O-O-O Qxd3 16. Bxd3 Bc5 17. Rhe1 Bxe3+ 18. Rxe3 {Â½-Â½ Fiedorek,M (2315)-Wojdak,J (2217) POL-chT 1st League Darlowo 2024 (3.21)}) 11... Ne4 12. Bd4 Nxc3 13. Bxc3 {aiming for Rh4.} Qe4+ 14. Qe2 Bb7 {[%cal Bc8b7,Bb7e4,Be4c6][%mdl 32] The position is equal.} 15. Qxe4 Bxe4 16. O-O-O Be7 {Wards off Rh4} 17. Rd4 Bc6 18. Rh3 O-O {[%cal Bh8f8,Bf8f6,Bf6f3][%mdl 32]} 19. Bb4 Bxb4 20. axb4 f6 21. exf6 Rxf6 22. f3 e5 23. Rg4 {[#]} e4 $1 {[%cal Re4f3]} 24. Rhg3 g5 {[%cal Re4f3]} 25. hxg6 exf3 26. gxf3 Rxf3 27. Rg1 Kg7 28. Bd3 Re8 {Dodges Re1} 29. Kd2 Rf6 30. Rd4 Re7 31. b3 Rf2+ 32. Kc3 Rf6 33. Kd2 Rf2+ 34. Kc3 Rf6 {Not much happened in this game.   Weighted Error Value: White=0.02 (flawless) /Black=0.02 (flawless)} 35. Kd2 1/2-1/2

[Event "2nd UzChess Cup Masters"]
[Site "Tashkent UZB"]
[Date "2025.06.20"]
[Round "2.5"]
[White "Aravindh, Chithambaram VR."]
[Black "Yakubboev, Nodirbek"]
[Result "0-1"]
[Annotator "Tactical Analysis 7.0"]
[WhiteElo "2749"]
[BlackElo "2659"]
[PlyCount "94"]
[GameId "2192732351914796"]
[EventDate "2025.06.19"]

1. d4 Nf6 2. g3 d5 3. Nf3 Bf5 4. Nh4 Bd7 5. Bg2 c5 6. c4 {D02: 1 d4 d5 2 Nf3 sidelines, including 2...Nf6 3 g3 and 2...Nf6 3 Bf4.} e6 $146 ({Predecessor:} 6... Bc6 7. cxd5 Bxd5 8. Nf3 e6 9. O-O Nc6 10. dxc5 Bxc5 11. Nc3 O-O 12. Bg5 Bxf3 13. Bxf3 {Â½-Â½ Sousa,C-Trani,F (2199) EM/M/155 corr ICCF email 2001}) 7. cxd5 Nxd5 8. Nc3 {White has an edge.} Bc6 9. Nxd5 Bxd5 10. e4 Bc6 (10... Bc4 $14) 11. d5 $1 $16 Bb5 12. e5 (12. a4 $16 Ba6 13. Be3) 12... exd5 $11 13. Bxd5 Qd7 {White should prevent ...Nc6.} 14. Be3 Nc6 15. Be4 $1 Nxe5 16. Qxd7+ Kxd7 17. Bxb7 Nd3+ 18. Kd2 (18. Kf1 $1 $15 Rb8 (18... Nxb2+ 19. Kg2 $11) 19. Bf3) 18... Rb8 $1 $17 19. Bd5 (19. a4 $17 Bc4 (19... Rxb7 20. axb5 Nxb2 21. Rhc1 $11) 20. b3 Bxb3 21. Ba6) 19... Nxb2 $2 (19... g6 $19 20. b3 Kc7 (20... Bg7 21. Rad1 $17)) 20. Rhc1 ({Better is} 20. Rab1 $1 $15 Bc4 21. Bxc4 Nxc4+ 22. Kd3 Rxb1 23. Rxb1 Nxe3 24. fxe3) 20... Be7 (20... g6 $17 21. Bxf7 Rb6 22. Bxc5 Bxc5 (22... Rf6 23. Rab1 $15) 23. Rxc5 Rf8) 21. Rab1 {[#]} (21. Bxc5 $15 Nd3 22. Bxe7 (22. Bxa7 Bb4+ 23. Ke3 Rbe8+ 24. Kf3 Ne1+ 25. Rxe1 Rxe1 $17) 22... Kxe7 (22... Nxc1 23. Bc5 $11) 23. Rcb1) 21... Bc4 $1 $19 22. Be4 Rhd8 (22... Bxa2 23. Ra1 Nc4+ 24. Ke1 Bxh4 (24... Nxe3 25. Rxa2 Bxh4 26. Rxa7+ Kd6 27. fxe3 $11) 25. Rxa2 Nxe3 26. Rxa7+ Kd6 27. fxe3 $11) (22... Rhe8 $1 $19 {Threatens to win with ...Bd8.} 23. Bf5+ Kc6 24. Be4+ Kd7) 23. Nf3 (23. Ke1 $17 Bd3 (23... Bxa2 24. Ra1 $17) 24. Rxb2 Bxe4 25. Rxb8 Rxb8 26. Bxc5) 23... Ke6+ (23... Bxa2 $19 24. Ra1 Ke8+ 25. Ke1 Bd5 26. Bxd5 Nd3+ (26... Rxd5 27. Ke2 $17) 27. Kf1 Rxd5) 24. Kc2 $17 f5 $1 {Really sharp!} 25. Ng5+ Bxg5 26. Bxg5 Na4 {Black is more active.} 27. Bxd8 Rxd8 28. Bc6 Bd3+ {[%mdl 64] Skewer} 29. Kb3 {[#]} Rb8+ $1 30. Kxa4 Rxb1 ({Black should try} 30... Bxb1 $19 31. Bb5 Bxa2 32. Rxc5 Bd5) 31. Rxc5 $19 {[%mdl 4096] Endgame KRB-KRB} Rb2 (31... Kd6 $17 32. Rc3 Rb2 33. Rxd3+ Kxc6) 32. Bd5+ $1 $15 Kd6 33. Ra5 Rxf2 34. Bb3 {Hoping for Rd5+.} Ke7 (34... Rxh2 35. Rd5+ (35. Rxa7 $2 g5 $19) 35... Ke7 36. Rxd3 $16) 35. Rxa7+ Kf6 36. Rf7+ Kg6 37. Rd7 Be4 38. Kb4 Rxh2 39. a4 Rb2 (39... Rg2 $17 40. a5 Rxg3) 40. Re7 Kf6 41. Re6+ Kg5 {This move loses the game for White.} 42. Re5 $2 {[%mdl 8192]} (42. Re7 $17) 42... Bc2 $19 43. Re3 {[#]} f4 $1 ({Inferior is} 43... Kg4 44. a5 g5 45. Ka3 Rxb3+ 46. Rxb3 Bxb3 47. Kxb3 $11) 44. Rc3 Rxb3+ {Black mates.} 45. Rxb3 Bxb3 46. gxf4+ Kxf4 47. Kxb3 {Ingenious play by Yakubboev!   Weighted Error Value: White=0.47/Black=0.19 (very precise)} Ke5 0-1